Miasta w Iranie - nagła śmierć - Statystyki

Ogólne statystyki
  • Ten quiz został rozwiązany 30 razy
  • Średni wynik to 6 z 11
Answers on the Grid
Answers color-coded by a green-red scale on the quiz's grid according to % correct below.
Van
Kutaisi
Karbala
Basra
Mosul
Irbil
Kuwejt
Ahwaz
Birdżand
Isfahan
Karadż
Kermanszah
Kom
Meszhed
Sziraz
Tebriz
Teheran
Urmia
 
Statystyki odpowiedzi
Odpowiedź % Poprawnych
Teheran
81%
Isfahan
76%
Tebriz
71%
Meszhed
57%
Sziraz
52%
Kermanszah
48%
Ahwaz
43%
Birdżand
43%
Kom
43%
Karadż
33%
Urmia
29%
Nie znaleziono quizów pasujących do podanych kryteriów
Rozkład punktacji
Procent ludzi z każdym wynikiem
Percentyl według liczby udzielonych odpowiedzi
Twoja historia wyników
Nie rozwiązałeś tego quizu